000 00384nam a2200145Ia 4500
008 230711s9999||||xx |||||||||||||| ||und||
041 _aENG
082 _a677
_bIN-A
100 _aIndian Instuties of Bridge Expiners
245 0 _aAutomated composites
250 _a1st . Ed.
260 _c1986
_aLondon
_bScience & Technology Publishers
650 _aTextile Engineering
942 _cBK
999 _c3612
_d3612